02304 a2200193 45000010006000000050017000060080041000230030015000640400040000790800035001192450027001540200018001812640029001993000017002285051695002451000022019407000026019628560122019881635720260407155458.0260407a2000 arg spa dAR-UNSa-BCEJYS aAR-UNSa-BCEJYSbspacAR-UNSa-BCEJYS a657.47xContabilidad de Costos10aContabilidad de costos a968-18-4169-7 1aMéxico :bLimusac2000 a2 v.c23 cm. aVol. I: Principios y práctica: 1. Aspectos administrativos y de organización de la contabilidad de costos - 2. Determinación del costo por órdenes de trabajo - 3. Determinación del costo por procesos - Parte I - 4. Determinación del costo por procesos - Parte II - 5. Contabilidad de productos conjuntos y subproductos - 6. Procesamiento electrónico de datos para la acumulación de costos, informes y control - 7. Contabilidad de los materiales - 8. Determinación de los costos de mano de obra - 9. Costos por gastos indirectos aplicados a los objetivos del costo - 10. Contabilización de los costos de gastos indirectos de fabricación actuales - 11. Contabilidad del costo estándar-Materiales y mano de obra - 12. Contabilidad del costo estándar. Gastos indirectos de fabricación - 13. Consideraciones especiales en la contabilidad de costos estándar - 14. Planeación administrativa mediante el presupuesto - 15. Informes a la dirección para control y evaluación del funcionamiento - 16. Análisis del comportamiento de los costos - 17. Costeo directo - 18. Problemas especiales en el análisis y control de los inventarios - 19. Análisis del costo de distribución - 20. Planeación de la utilidad mediante el análisis de costo-volumen-utilidad - 21. Planes a largo plazo y presupuesto de inversiones - 22. Técnicas de la ciencia de la administración en la planeación del costo - 23. Análisis de costos para fines especiales - 24. Análisis del costo en organizaciones no lucrativas - 25. Resolución de casos especiales de aplicación de costos -- Vol. II: Soluciones de los problemas, respuestas a las preguntas y guía de estudio1 aNeuner, John J.W.1 aDeakin III, Edward B.41uhttps://biblioeco.unsa.edu.ar/pmb/images/libros/Contabilidad de Costos2-l86891.jpg.jpgyImagen de portadaqimage/jpeg